000 00564cam a2200217ua 4500
020 _a0 07 712689 9
041 _aeng
_h
082 _a627
_bLIN/WA
100 _aLinsley, Ray K .
245 _aWater resources engineering /
_cRay K Linsley.
_hTextual Documents
250 _a4 /
_b.
260 _aSingapore :
_bMcGraw Hill Book Company ,
_c1992.
300 _a841 ; .
500 _a* CSS
504 _a
700 1 _aFranzini, Joseph B .
700 1 _aFreyberg, David Z .
700 1 _aTehobaneglous, George .
942 _cBK
999 _c9332
_d9332